Girl at war / Sara Nović.
Available copies
- 2 of 2 copies available at LARL/NWRL Consortium.
- 1 of 1 copy available at Lake Agassiz Regional Library. (Show preferred library)
Current holds
0 current holds with 2 total copies.
Show Only Available Copies
| Location | Call Number / Copy Notes | Barcode | Shelving Location | Status | Due Date |
|---|---|---|---|---|---|
| Moorhead Public Library | NOV (Text) | 33500012076055 | Main | Available | - |
| Greenbush Public Library | NOV (Text) | 35500005646854 | Main | Available | - |
Record details
- ISBN: 9780812996340
- ISBN: 0812996348
- Physical Description: pages ; cm
- Edition: First edition.
- Publisher: New York : Random House, [2015]
Content descriptions
| Summary, etc.: | When her happy life in 1991 Croatia is shattered ... Read More |
Search for related items by subject
| Subject: | Croatia > History > 1990- > Fiction. Croatia. |
| Genre: | Historical fiction. Fiction. History. |
| LDR | 01890cam a22004818i 4500 | ||
|---|---|---|---|
| 001 | 179552 | ||
| 003 | LARL_NWRL_CONSORTIUM | ||
| 005 | 20150421150323.0 | ||
| 008 | 140819s2015 nyu 000 1 eng | ||
| 010 | . | ‡a2014027466 | |
| 019 | . | ‡a890757752 | |
| 020 | . | ‡a9780812996340 | |
| 020 | . | ‡a0812996348 | |
| 020 | . | ‡z9780812996357 (ebook) | |
| 035 | . | ‡a(OCoLC)888165120 ‡z(OCoLC)890757752 | |
| 040 | . | ‡aDLC ‡beng ‡erda ‡cDLC ‡dOCLCO ‡dYDXCP ‡dBTCTA ‡dBDX ‡dOCLCF ‡dUPZ | |
| 042 | . | ‡apcc | |
| 043 | . | ‡ae-ci--- | |
| 050 | 0 | 0. | ‡aPS3614.O929 ‡bG57 2015 |
| 082 | 0 | 0. | ‡a813/.6 ‡223 |
| 100 | 1 | . | ‡aNović, Sara, ‡d1987- |
| 245 | 1 | 0. | ‡aGirl at war / ‡cSara Nović. |
| 250 | . | ‡aFirst edition. | |
| 260 | . | ‡aNew York : ‡bRandom House, ‡c[2015] | |
| 300 | . | ‡apages ; ‡ccm | |
| 336 | . | ‡atext ‡2rdacontent | |
| 337 | . | ‡aunmediated ‡2rdamedia | |
| 338 | . | ‡avolume ‡2rdacarrier | |
| 520 | . | ‡aWhen her happy life in 1991 Croatia is shattered by civil war, ten-year-old Ana Juric is embroiled in a world of guerilla warfare and child soldiers before making a daring escape to America, where years later she struggles to hide her past. | |
| 651 | 0. | ‡aCroatia ‡xHistory ‡y1990- ‡vFiction. | |
| 651 | 7. | ‡aCroatia. ‡2fast ‡0(LARL_NWRL_CONSORTIUM)4807 | |
| 648 | 7. | ‡aSince 1990 ‡2fast | |
| 655 | 7. | ‡aHistorical fiction. ‡2gsafd | |
| 655 | 7. | ‡aFiction. ‡2fast | |
| 655 | 7. | ‡aHistory. ‡2fast | |
| 948 | . | ‡hNO HOLDINGS IN LAL - 35 OTHER HOLDINGS | |
| 994 | . | ‡aZ0 ‡bLAL | |
| 901 | . | ‡a179552 ‡bOCLC ‡c179552 ‡tbiblio | |

Add to basket
Permalink
Disable Highlighting